000 01380nam a2200289 a 4500
001 BRCA_4964
005 20190320204900.0
008 221010s1713----sp-######v---#000-0#spa-#
041 _aspa
044 _asp
084 _aDOC57
_b.D63
_c1713
245 1 0 _aDocumento firmado por el [Rey Felipe V]
_cFelipe V.
260 _aMadrid
_c1713
300 _a[3] fojas
_c30 x 21 cm
500 _aDocumento firmado el 14 de julio de 1713
500 _aInstructivo para que los Virreyes de Nueva España y el Perú, Presidentes y Fiscales, de las Audiencias, Gobernadores y Oficiales Reales, y los Arzobispos y Obispos, de aquellas Provincias, executen lo que se expresa sobre las limasmas de vino, cera y aceite de los conventos.
500 _aEl documento tiene la leyenda DOC. #67
500 _a[Real cédula] firmada como ´Yo el Rey´
500 _aEstado de conservación: Contiene dobleces en los márgenes, anotaciones y subrayado a color
506 0 _aFondo reservado: para su consulta es necesario credencial de usuario y carta de motivos
546 _aTexto en: español de principios del siglo XVIII
600 1 4 _aFelipe
_bV
_cRey de España
_d1683-1746
_912630
651 4 _aEspaña
_vImpreso con rúbricas
_xHistoria
_yCasa de Borbón, 1700
_912631
651 4 _aMéxico
_vImpreso con rúbricas
_xHistoria
_yColonia, 1521-1821
_912600
902 _aFDH
942 _2lcc
_cD
999 _c4658
_d4658